Southville International School and Colleges
Your cart is empty.
  • Cart
  • Lists
    Public lists Eva Luna New books Lux_list list_1
    Your lists Log in to create your own lists
  • Log in to your account
  • Your cookies
  • Search history
Southville International School and Colleges
  • Advanced search
  • Recent comments
  • Most popular
  • Libraries

Log in to your account

Log in with GOOGLE


If you do not have an external account, but do have a local account, you can still log in:

  1. Home
  2. MARC view: The new look :
Normal view MARC view ISBD view

The new look : (Record no. 39196)

[ view plain ]
MARC details
000 -LEADER
fixed length control field 00544nam a2200193 a 4500
005 - DATE AND TIME OF LATEST TRANSACTION
control field 20140311163001.0
008 - FIXED-LENGTH DATA ELEMENTS--GENERAL INFORMATION
fixed length control field 030929s19uu xx 00 eng d
020 ## - INTERNATIONAL STANDARD BOOK NUMBER
International Standard Book Number 0600589781
050 ## - LIBRARY OF CONGRESS CALL NUMBER
Classification number TT 507
Item number .C374 1996
100 ## - MAIN ENTRY--PERSONAL NAME
Personal name Cawthorne, Nigel
245 ## - TITLE STATEMENT
Title The new look :
Remainder of title the dior revolution /
Statement of responsibility, etc Nigel Cawthorne.
260 ## - PUBLICATION, DISTRIBUTION, ETC. (IMPRINT)
Place of publication, distribution, etc London :
Name of publisher, distributor, etc Hamlyn,
Date of publication, distribution, etc 1996.
300 ## - PHYSICAL DESCRIPTION
Extent 175 p. :
Other physical details ill. col. ;
Dimensions 29 cm.
500 ## - GENERAL NOTE
General note Includes Index
650 ## - SUBJECT ADDED ENTRY--TOPICAL TERM
Topical term or geographic name as entry element Fashion design
650 ## - SUBJECT ADDED ENTRY--TOPICAL TERM
Topical term or geographic name as entry element Fashion design
General subdivision history
942 ## - ADDED ENTRY ELEMENTS (KOHA)
Koha item type Books
Source of classification or shelving scheme Library of Congress Classification
Call number prefix Foreign
Holdings
Withdrawn status Lost status Source of classification or shelving scheme Damaged status Home library Current library Shelving location Date acquired Source of acquisition Cost, normal purchase price Total Checkouts Full call number Barcode Date last seen Date checked out Copy number Price effective from Koha item type
    Library of Congress Classification   College Library College Library General Circulation Section     875.00 1 TT 507 .C374 1996 C4140 10/27/2022 10/20/2022 1 10/10/2013 Books

The new look :

APA

Cawthorne N., . (1996). The new look. London: Hamlyn.

Chicago

Cawthorne Nigel, . 1996. The new look. London: Hamlyn.

Harvard

Cawthorne N., . (1996). The new look. London: Hamlyn.

MLA

Cawthorne Nigel, . The new look. London: Hamlyn. 1996.

  • Place hold
  • Print
  • Cite
  • Add to your cart (remove)
  • Save record
    BIBTEX Dublin Core MARCXML MARC (non-Unicode/MARC-8) MARC (Unicode/UTF-8) MARC (Unicode/UTF-8, Standard) MODS (XML) RIS
  • More searches
    Search for this title in:
    Other Libraries (WorldCat) Other Databases (Google Scholar) Online Stores (Bookfinder.com) Open Library (openlibrary.org)

Exporting to Dublin Core...

SOUTHVILLE LIBRARY

Southville International School and Colleges Library

1281 Tropical Ave. Cor. Luxembourg St., BF Homes International, Las Pinas City

Tel. No. 8256374 / 252358 Loc. 117/146

Powered by Koha